| 000 | 00427nam a22001577a 4500 | ||
|---|---|---|---|
| 005 | 20240109130937.0 | ||
| 008 | 220616b ||||| |||| 00| 0 eng d | ||
| 020 | _a97815-43345-97-1 | ||
| 041 | _aeng | ||
| 100 |
_aGAWALI, RAHUL W. , Md. USMAN DR MD. RAGEEB SABE ATUL A NEVE VRUSHALI _98351 |
||
| 245 | _aA TEXTBOOK OF PHARMACOLOGY | ||
| 260 | _bS.VIKASH AND COMPANY | ||
| 300 | _a145;p | ||
| 650 | _aPHARMACY | ||
| 942 | _cBK | ||
| 999 |
_c8006 _d8004 |
||